000 00791cab a2200265 4500
001 ABS49317
008 090401t1993 xxu||||| |||| 00| 0 eng d
035 _a(Sirsi) u70889
041 _aeng
100 _aEade, C.
245 _aUniversities
260 _c1993
350 _a0
490 _aCSW - The Property Week
_v44(10) 2 September 1993, 20-21(2)
520 _aDiscusses Government policy to look to sources other than the Higher Education Funding Council to finance property development at universities.
650 _aBAIN REPORT
650 _aEDUCATIONAL BUILDINGS
650 _aFINANCE
650 _aPRIVATE FUNDING
650 _aSTUDENT ACCOMMODATION
650 _aSTUDENT HOSTELS
690 _aPROPERTY-PROPERTY DEVELOPMENT
942 _n0
948 _c04/03/1997
999 _c44660
_d44660